000 01703cam a22004694i 4500
003 PE-LiUPU
005 20250731173130.0
008 150623s r 000 0 d
020 _a0800628799
035 _a(Sirsi) i9780800628796
040 _aPE-LiUPU
_bspa
_cPE-LiUPU
_erda
049 _aPRUA
082 0 4 _a220.6
_bA22
_221
100 1 _aAdam, A. K. M.,
_d1957-
_qAndrew Keith Malcolm,
_eautor.
245 1 0 _aWhat is postmodern biblical criticism? /
_cA. K. M. Adam.
264 1 _aMenneapolis :
_bFortress Press,
_c1990.
300 _a80 páginas ;
_c21 centímetros
336 _atext
_2rdacontent
337 _aunmediated
_2rdamedia
338 _avolume
_2rdacarrier
490 0 _aGuides to Biblical Scholarship. New Testament Serie
505 0 _aTextures of postmodernism. Deconstruction: on making a difference. Political criticism: ideologies and their discontents. Crossing up the discourses. Prelude: interpretation as a kind of wri(gh)ting.
526 _aSEG42
526 _aSEG41
526 _aSEG40
526 _aSEG39
526 _aP94
526 _aP87
526 _aP86
526 _aP85
526 _aP77
526 _aP76
526 _aP35
630 _aBiblia
_xHermenéutica.
650 0 4 _aPosmodernismo.
942 _2ddc
_cBOOK
949 _a220.6 A22
_wDEWEY
_c1
_i51589
_lCCODEBUL1
_mBUL
_p5.00
_r0
_sY
_tBOOK
_u2015-6-24
_xTEOLOGIA
_PP35
_0COMPRA
_o.STAFF. Colección General
994 _aC0
_bPEPRU
596 _a1
999 _a220.6 A22
_wDEWEY
_c33320
_i51589
_d33320
_f2021-11-9
_g5
_lCCODEBUL1
_mBUL
_p5.00
_q1
_r0
_sY
_tBOOK
_u2015-6-24
_xTEOLOGIA
_PP35
_0COMPRA
_o.STAFF. Colección General
980 _81
_gALBERTO SANCHEZ Responsable de Automatización